000 01021nab a2200241 i 4500
001 768714001
003 CO-MdFUSB
005 20240808111246.0
008 240808t1999 -us||||| |||| 00| 0 eng d
040 _bspa
_cCO-MdFUSB
_dCO-MdFUSB
041 _aeng
100 _aKings, Graham,
_eautor
245 1 _aAbdul Masih :
_bicon of Indian Indigeneity
_c/ Graham Kings
520 _aEl reverendo Abdul Massih, fue el único converso de Henry Martyn ordenado por el obispo Heber. Martín partió hacia Persia y Arabia, donde tuvo una muerte prematura, sin estar nunca seguro de la conversión de su converso.
546 _aTexto en inglés.
650 0 _aConversión
_9950
650 0 _aMisiones
_9154
650 0 _aEvangelización
_9362
650 7 _aIglesia
_9655
773 0 _049483
_982894
_oR2740
_tInternational Bulletinof Missionary Research
_w(CO-MdFUSB)768714001
_x0272-6122
_gVolumen 23, (número 2, 1999), páginas: 66 - 69
_qpágina: 66
942 _cANA
945 _aCatherine Arias Álvarez - Practicante SENA
999 _c70749
_d70749